Conan Gray - Care - All lyrics - Statistics

General Stats
  • This quiz has been taken 58 times
  • The average score is 214 of 253
Answer Stats
Answer % Correct
you
97%
your
97%
a
95%
to
95%
To
95%
we
95%
And
92%
and
92%
he
92%
I
92%
(I
92%
so
92%
So
92%
again
89%
be
89%
care,
89%
care
89%
care)
89%
Care
89%
Care,
89%
care),
89%
don't
89%
in
89%
is
89%
just
89%
like
89%
me
89%
My
89%
tell
89%
the
89%
you're
89%
But
86%
but
86%
feel
86%
I'm
86%
I’m
86%
it
86%
love
86%
of
86%
over
86%
say
86%
that
86%
are
84%
cause
84%
Charlie
84%
cry
84%
out
84%
show
84%
want
84%
better
81%
could
81%
for
81%
myself
81%
see
81%
there
81%
well
81%
went
81%
who
81%
Who
81%
will
81%
always
78%
much
78%
not
78%
Now
78%
now
78%
Oh,
78%
yours
78%
all
76%
believe
76%
can
76%
doing
76%
fault
76%
February
76%
Finally
76%
friend
76%
happy?
76%
making
76%
on
76%
parts
76%
strangers
76%
with
76%
back
73%
bad
73%
felt
73%
hate
73%
it's
73%
it’s
73%
know
73%
move
73%
somebody
73%
speak
73%
spell
73%
still
73%
told
73%
good
70%
losing
70%
miss
70%
Says
70%
why
70%
being
68%
does
68%
instead
68%
Life’s
68%
lover,
68%
Mistook
68%
past
68%
Pretend
68%
trigger
68%
trying
68%
attached,
65%
linger
65%
nice
65%
won't
65%
Though
49%
(Ah-ah)
35%
No matching quizzes found
Score Distribution
Percent of People with Each Score
Percentile by Number Answered
Your Score History
You have not taken this quiz